Tính phổ biến và tính đặc thù của quyền con người từ phương diện triết học /

Wedi'i Gadw mewn:
Manylion Llyfryddiaeth
Prif Awdur: Chu Văn Tuấn, TS.
Fformat: Erthygl
Iaith:Vietnamese
Pynciau:
Tagiau: Ychwanegu Tag
Dim Tagiau, Byddwch y cyntaf i dagio'r cofnod hwn!
Thư viện lưu trữ: Thư viện Trường Đại học Đà Lạt
LEADER 00851nam a2200277 4500
001 DLU110128613
005 ##20111129
040 # # |a DLU  |b vie 
041 # # |a vie 
044 # # |a vn 
100 # # |a Chu Văn Tuấn,   |c TS. 
245 # # |a Tính phổ biến và tính đặc thù của quyền con người từ phương diện triết học /  |c Chu Văn Tuấn. 
653 # # |a Phương pháp luận 
653 # # |a Quyền con người 
653 # # |a Tính đặc thù 
653 # # |a Tính phổ biến 
773 # # |t Nghiên cứu Con người  |g Số 2(47), 2010, tr. 8-14 
920 # # |a Phòng Tạp chí -- Trung tâm Thông tin - Thư viện Trường Đại học Đà Lạt 
994 # # |a DLU 
900 # # |a True 
911 # # |a Nguyễn Thị Linh Chi 
925 # # |a G 
926 # # |a A 
927 # # |a BB 
980 # # |a Thư viện Trường Đại học Đà Lạt